00357nam a2200133Ia 4500008004100000020001500041041001200056082001600068100002200084245006800106260002500174300000800199650001600207221030s9999 xx 000 0 und d a8120316703 aEnglish a105.23bHaw aI. Hawryszkiewycz 0aIntroduction to Systems Analysis & Designcby I. Hawryszkiewycz bPHIaNew Delhic2000 a484 aBE Computer